<?xml version="1.0" encoding="UTF-8"?>
<record
    xmlns:xsi="http://www.w3.org/2001/XMLSchema-instance"
    xsi:schemaLocation="http://www.loc.gov/MARC21/slim http://www.loc.gov/standards/marcxml/schema/MARC21slim.xsd"
    xmlns="http://www.loc.gov/MARC21/slim">

  <leader>01280nam0a2200313   4500</leader>
  <controlfield tag="001">RU\NLR\ONL2\24051</controlfield>
  <controlfield tag="005">20260406072924.0</controlfield>
  <datafield tag="010" ind1=" " ind2=" ">
    <subfield code="a">978-5-4428-0003-6</subfield>
    <subfield code="9">2000</subfield>
  </datafield>
  <datafield tag="035" ind1=" " ind2=" ">
    <subfield code="a">(NLR Aleph) 010211009</subfield>
  </datafield>
  <datafield tag="090" ind1=" " ind2=" ">
    <subfield code="a">10274432</subfield>
    <subfield code="c">10274431</subfield>
  </datafield>
  <datafield tag="100" ind1=" " ind2=" ">
    <subfield code="a">20120905d2012    |||y0rusy50      ca</subfield>
  </datafield>
  <datafield tag="101" ind1="0" ind2=" ">
    <subfield code="a">tat</subfield>
  </datafield>
  <datafield tag="102" ind1=" " ind2=" ">
    <subfield code="a">RU</subfield>
  </datafield>
  <datafield tag="105" ind1=" " ind2=" ">
    <subfield code="a">c |||||||||</subfield>
  </datafield>
  <datafield tag="200" ind1="1" ind2=" ">
    <subfield code="a">&#x410;&#x43A; &#x44E;&#x43B;</subfield>
    <subfield code="e">&#x44F;&#x448;&#x44C; &#x44F;&#x437;&#x443;&#x447;&#x44B;&#x43B;&#x430;&#x440; &#x438;&#x436;&#x430;&#x442;&#x44B;</subfield>
    <subfield code="f">[&#x442;&#x4E9;&#x437;. &#x420;. &#x417;&#x44D;&#x439;&#x434;&#x443;&#x43B;&#x43B;&#x430;, &#x412;. &#x41D;&#x443;&#x440;&#x438;&#x435;&#x432;]</subfield>
  </datafield>
  <datafield tag="210" ind1=" " ind2=" ">
    <subfield code="a">&#x41A;&#x430;&#x437;&#x430;&#x43D;</subfield>
    <subfield code="c">&#x411;. &#x438;.</subfield>
    <subfield code="d">2012</subfield>
  </datafield>
  <datafield tag="215" ind1=" " ind2=" ">
    <subfield code="a">271 &#x431;.</subfield>
    <subfield code="c">&#x43F;&#x43E;&#x440;&#x442;&#x440;.</subfield>
    <subfield code="d">21</subfield>
  </datafield>
  <datafield tag="327" ind1="1" ind2=" ">
    <subfield code="a">&#x421;&#x43E;&#x434;&#x435;&#x440;&#x436;. &#x430;&#x432;&#x442;.: &#x419;. &#x41C;&#x438;&#x43D;&#x43D;&#x443;&#x43B;&#x43B;&#x438;&#x43D;&#x430;, &#x420;. &#x41C;&#x4E9;&#x445;&#x44D;&#x43C;&#x43C;&#x44D;&#x442;&#x448;&#x430;, &#x42D;. h&#x430;&#x434;&#x438;, &#x424;. &#x413;&#x44B;&#x439;&#x43B;&#x44D;&#x436;&#x435;&#x432;, &#x41B;. &#x424;&#x44D;&#x442;&#x445;&#x435;&#x442;&#x434;&#x438;&#x43D;&#x43E;&#x432;&#x430;, &#x424;&#x438;&#x434;&#x430;&#x438;&#x43B;, &#x420;. &#x413;&#x43E;&#x431;&#x44D;&#x435;&#x432;&#x430;, &#x411;. &#x418;&#x431;&#x440;&#x430;h&#x438;&#x43C;, &#x420;. &#x42D;&#x445;&#x43C;&#x44D;&#x434;&#x438;, &#x410;. &#x417;&#x44D;&#x43A;&#x438;, &#x418;. &#x417;&#x44D;&#x439;&#x43D;&#x438;, &#x420;. &#x413;&#x430;&#x43B;&#x438;&#x431;&#x44D;&#x43A;.</subfield>
  </datafield>
  <datafield tag="541" ind1="1" ind2=" ">
    <subfield code="a">&#x421;&#x432;&#x435;&#x442;&#x43B;&#x44B;&#x439; &#x43F;&#x443;&#x442;&#x44C;</subfield>
    <subfield code="e">(&#x442;&#x432;&#x43E;&#x440;&#x447;&#x435;&#x441;&#x442;&#x432;&#x43E; &#x43C;&#x43E;&#x43B;&#x43E;&#x434;&#x44B;&#x445; &#x43F;&#x438;&#x441;&#x430;&#x442;&#x435;&#x43B;&#x435;&#x439;).</subfield>
    <subfield code="z">rus</subfield>
  </datafield>
  <datafield tag="686" ind1="1" ind2=" ">
    <subfield code="a">&#x428;6(2=&#x422;&#x430;&#x442;)7 &#x44F;43</subfield>
  </datafield>
  <datafield tag="702" ind1=" " ind2="1">
    <subfield code="4">220</subfield>
    <subfield code="8">tat</subfield>
    <subfield code="7">ca</subfield>
    <subfield code="a">&#x417;&#x44D;&#x439;&#x434;&#x443;&#x43B;&#x43B;&#x430;</subfield>
    <subfield code="b">&#x420;.</subfield>
    <subfield code="f">1962-</subfield>
    <subfield code="g">&#x420;&#x43A;&#x430;&#x438;&#x43B;</subfield>
    <subfield code="3">RU\NLR\auth-onl\77689</subfield>
    <subfield code="9">130745</subfield>
  </datafield>
  <datafield tag="801" ind1=" " ind2="0">
    <subfield code="a">RU</subfield>
    <subfield code="b">NLR</subfield>
    <subfield code="c">20120905</subfield>
    <subfield code="g">PSBO</subfield>
  </datafield>
  <datafield tag="852" ind1=" " ind2=" ">
    <subfield code="a">NLR</subfield>
    <subfield code="j">&#x422;&#x430;&#x442;&#x430;&#x440;./3-14209</subfield>
    <subfield code="m">39383</subfield>
  </datafield>
  <datafield tag="852" ind1=" " ind2=" ">
    <subfield code="a">NLR</subfield>
    <subfield code="b">&#x41E;&#x41D;&#x41B;</subfield>
  </datafield>
  <datafield tag="942" ind1=" " ind2=" ">
    <subfield code="c">BOOK</subfield>
  </datafield>
  <datafield tag="980" ind1=" " ind2=" ">
    <subfield code="a">NB</subfield>
  </datafield>
  <datafield tag="980" ind1=" " ind2=" ">
    <subfield code="a">ONL_RF</subfield>
  </datafield>
</record>
